Los primeros pasos en química

Gespeichert in:
Bibliographische Detailangaben
1. Verfasser: Gaibisso, Francisco H.
Format: E-Book
Sprache:Spanisch
Erschienen: Buenos Aires : 1933.
Katalog:BNM:  Suchergebnis im Bibliothekskatalog
Schulbuchspezifische Eigenschaften:
Schlagworte:
Online-Zugang:http://www.bnm.me.gov.ar/ebooks/reader/reader.php?inv=00081834&mon=0
Tags: Tag hinzufügen
Keine Tags, Fügen Sie den ersten Tag hinzu!
Hinzugefügt zu:04.06.2008
Geändert in:10.02.2022

MARC

LEADER 00000cam a22000004a 4500
003 AR-BaBNM
005 20220210173926.0
007 ta
007 cr |||||||||||
008 080605s1933 ag ||||d |||||||||||spa|d
035 |a 000005021 
040 |a AR-BaBNM  |b spa 
080 |a 373.5 
100 1 |a Gaibisso, Francisco H. 
245 1 4 |a Los primeros pasos en química /  |c Francisco H. Gaibisso. 
260 |a Buenos Aires :  |b Tall. Gráf. de la Compañía General Fabril Financiera,  |c 1933. 
300 |a 389 p. 
650 4 |a Enseñanza de la química  |9 7760  |a Educación secundaria  |9 7637 
655 4 |a Libros de texto 
856 4 0 |u http://www.bnm.me.gov.ar/ebooks/reader/reader.php?inv=00081834&mon=0  |u http://www.bnm.me.gov.ar/giga1/libros/00081834/00081834.pdf  |q PDF (390 p.) 
997 |a LIJ 
942 |2 udc  |c LIBRO 
999 |c 40739  |d 40739 
994 |a DIGI-2016 
999 |c KOHA-OAI-TEST:40739  |d 40739